Stations de métro de la future ligne C de Toulouse - Statistiques

Statistiques générales
  • Ce quiz a été pris 22 fois
  • Le résultat moyen est 12 sur 21
Statistiques - réponses
Station % Correct
Labège Gare
95%
François Verdier
85%
Matabiau Gare
85%
Blagnac
80%
Colomiers Gare
75%
La Vache
75%
Montaudran Gare
70%
Sept Deniers - Stade Toulousain
70%
Bonnefoy
55%
Limayrac - Cité de l'Espace
55%
Côte Pavée
50%
Raisin
50%
Saint Martin du Touch
50%
Fontaine Lumineuse
45%
Lycée Toulouse Lautrec
45%
Ormeau
45%
Ponts-Jumeaux
45%
Diagora
30%
Fondeyre
30%
Labège Madron
25%
Aerospace Campus
20%
Aucun quiz correspondant
Distribution des résultats
% des personnes avec chaque résultat
Percentile par nombre de réponses
Votre historique - résultats
Vous n’avez pas pris ce quiz